[Event "Open Semana Santa 2023"]
[Site "?"]
[Date "2023.04.05"]
[Round "1.190"]
[White "Petrashko, Vladyslav"]
[Black "Houhou, Alexandre"]
[Result "0-1"]
[WhiteElo "1290"]
[BlackElo "2038"]
[PlyCount "68"]
[EventDate "2023.??.??"]

1. e4 c5 2. c3 Nf6 3. e5 Nd5 4. d4 d6 5. Nf3 cxd4 6. cxd4 Nc6 7. Bc4 dxe5 8.
Bxd5 Qxd5 9. Nc3 Qa5 10. d5 Nb4 11. O-O Bg4 12. Bd2 Nxd5 13. Nxd5 Qxd5 14. Qa4+
Bd7 15. Qh4 e4 16. Ng5 Qxd2 17. Rad1 Qxb2 18. Nxe4 Bc6 19. h3 e6 20. Rfe1 Be7
21. Qg4 f5 22. Nd6+ Bxd6 23. Rxe6+ Be7 24. Rxe7+ Kxe7 25. Re1+ Kd8 26. Qxf5 Qf6
27. Qa5+ b6 28. Qd2+ Kc7 29. Re3 Rad8 30. Qe2 Rhe8 31. Rxe8 Rxe8 32. Qa6 Re1+
33. Kh2 Qf4+ 34. g3 Rh1# 0-1

[Event "Open Semana Santa 2023"]
[Site "?"]
[Date "2023.04.05"]
[Round "1.191"]
[White "Aymerich Rosell, Pablo"]
[Black "Corpa Rios, Flavio"]
[Result "1-0"]
[WhiteElo "2037"]
[BlackElo "1289"]
[PlyCount "93"]

1. e4 c5 2. Nf3 g6 3. d4 cxd4 4. Nxd4 Nc6 5. c4 Nf6 6. Nc3 Bg7 7. Be3 O-O 8.
Be2 Nxd4 9. Bxd4 d6 10. O-O Qa5 11. Rc1 b6 12. b3 Bb7 13. f3 Nh5 14. Bxg7 Kxg7
15. f4 Qc5+ 16. Kh1 Nf6 17. Bf3 Qe3 18. e5 Ne4 19. Bxe4 Bxe4 20. Re1 Bxg2+ 21.
Kxg2 Qxf4 22. exd6 exd6 23. Nd5 Qg5+ 24. Kh1 Rac8 25. Qd4+ f6 26. Re7+ Rf7 27.
Rxf7+ Kxf7 28. Re1 Re8 29. Rxe8 Qc1+ 30. Kg2 Qg5+ 31. Kf1 Qf5+ 32. Ke1 Qb1+ 33.
Qd1 Qxd1+ 34. Kxd1 Kxe8 35. Nxf6+ Kf7 36. Nxh7 Kg7 37. Ng5 Kf6 38. Nf3 g5 39.
Ke2 Kf5 40. Ke3 a6 41. Nxg5 Kxg5 42. Kd4 Kf6 43. Kd5 Ke7 44. h4 b5 45. cxb5
axb5 46. a4 Kd7 47. h5 1-0

[Event "Open Semana Santa 2023"]
[Site "?"]
[Date "2023.04.05"]
[Round "1.192"]
[White "Garcia Perez, Sergio"]
[Black "Gonzalvez Tamarit, Ruben"]
[Result "0-1"]
[WhiteElo "1288"]
[BlackElo "2028"]
[PlyCount "58"]

1. e4 e5 2. Nf3 Nc6 3. Bb5 a6 4. Ba4 Nf6 5. O-O b5 6. Bb3 Be7 7. Re1 d6 8. c3
Bg4 9. d3 O-O 10. Nbd2 Na5 11. Bc2 c5 12. h3 Bh5 13. Nf1 Bg6 14. Ng3 Nc6 15.
Nh4 d5 16. Nxg6 hxg6 17. Be3 d4 18. Bd2 Qb6 19. f4 c4 20. Kh1 Bc5 21. Rf1 Rad8
22. Qe2 exf4 23. Rxf4 Ne5 24. cxd4 Bxd4 25. Bb4 cxd3 26. Bxd3 Nxd3 27. Rxf6
Bxf6 28. Bxf8 Kxf8 29. Rf1 Qd4 0-1

[Event "Open Semana Santa 2023"]
[Site "?"]
[Date "2023.04.05"]
[Round "1.193"]
[White "Fuentes Guinot, Alejandro"]
[Black "Prochaieva, Olha"]
[Result "1-0"]
[WhiteElo "2027"]
[BlackElo "1282"]
[PlyCount "71"]

1. d4 Nf6 2. Nf3 e6 3. Bf4 c5 4. e3 b6 5. c3 Be7 6. Bd3 Ba6 7. Bxa6 Nxa6 8. h3
O-O 9. O-O Qc8 10. Nbd2 Qb7 11. a4 Rfc8 12. Qb3 h6 13. Bh2 Nd5 14. Nc4 Nf6 15.
Bd6 Kf8 16. Be5 Qc6 17. Ncd2 d6 18. Bh2 Nc7 19. Rfe1 Ncd5 20. Qc2 a6 21. e4 Nc7
22. Qd3 cxd4 23. Nxd4 Qd7 24. Nc4 Rab8 25. e5 dxe5 26. Nxe5 Qe8 27. Nec6 Rb7
28. Nxe7 Qxe7 29. Nf5 Qd8 30. Bd6+ Kg8 31. Ne7+ Kh8 32. Nxc8 Qxc8 33. Qc4 Nfd5
34. Qc6 a5 35. Rad1 Kh7 36. c4 1-0

[Event "Open Semana Santa 2023"]
[Site "?"]
[Date "2023.04.05"]
[Round "1.194"]
[White "Fenoll Molina, Cesar"]
[Black "Sperat Czar, Nicolas"]
[Result "0-1"]
[WhiteElo "1279"]
[BlackElo "2027"]
[PlyCount "81"]

1. d4 f5 2. Bg5 h6 3. Bf4 Nf6 4. e3 d6 5. Nc3 g5 6. Bg3 Bg7 7. h3 O-O 8. Bd3 c6
9. f4 Qe8 10. fxg5 hxg5 11. Qf3 Nh5 12. Nge2 e5 13. dxe5 dxe5 14. e4 f4 15. Bf2
Be6 16. Ng1 Nd7 17. O-O-O b5 18. Be2 Nhf6 19. g4 a5 20. a3 b4 21. Nb1 Qe7 22.
h4 Nxg4 23. hxg5 Nxf2 24. Qxf2 Qxg5 25. Nf3 Qg3 26. Qxg3 fxg3 27. Ng5 Nc5 28.
Nxe6 Nxe6 29. Bc4 Rf6 30. Rd6 Re8 31. Rxc6 Bh6+ 32. Kd1 Kg7 33. Bxe6 Rexe6 34.
Rxe6 Rxe6 35. Rg1 Bf4 36. Rg2 Rh6 37. Ke2 Kf7 38. axb4 axb4 39. c3 Rh1 40. Nd2
Bxd2 41. Kxd2 0-1

[Event "Open Semana Santa 2023"]
[Site "?"]
[Date "2023.04.05"]
[Round "1.195"]
[White "FM Varga, Mariano"]
[Black "Tamiolakis, Grigorios"]
[Result "0-1"]
[WhiteElo "2026"]
[BlackElo "1272"]
[PlyCount "53"]

1. e3 d5 2. Nf3 Nf6 3. c4 e6 4. Be2 dxc4 5. Bxc4 Be7 6. O-O O-O 7. b3 b6 8. Bb2
Bb7 9. Re1 Nbd7 10. Bf1 c5 11. d3 Qc7 12. Nbd2 Bd6 13. Rc1 Ne5 14. Nxe5 Bxe5
15. Bxe5 Qxe5 16. Nf3 Bxf3 17. Qxf3 Qh5 18. Qxh5 Nxh5 19. a3 Nf6 20. b4 cxb4
21. axb4 Rac8 22. b5 Rfd8 23. d4 Kf8 24. g3 Ke7 25. Bg2 Rxc1 26. Rxc1 Ne8 27.
Rc7+ 0-1

[Event "Open Semana Santa 2023"]
[Site "?"]
[Date "2023.04.05"]
[Round "1.196"]
[White "Ortega Moya, Juan Francisco"]
[Black "Cuadrado Carmona, Javier"]
[Result "0-1"]
[WhiteElo "1271"]
[BlackElo "2023"]
[PlyCount "62"]

1. d4 Nf6 2. Bf4 g6 3. Nc3 d5 4. e3 Bg7 5. Bd3 O-O 6. h4 h6 7. Qe2 c5 8. dxc5
Nc6 9. Qd2 e5 10. Bg3 Qa5 11. e4 Qxc5 12. Nge2 Rd8 13. f3 dxe4 14. Bf2 Qb4 15.
Nxe4 Qxb2 16. O-O Nxe4 17. fxe4 Nb4 18. Rfb1 Rxd3 19. Qxb4 Qxb4 20. Rxb4 Rd2
21. Nc3 b6 22. Rc1 Be6 23. a4 Rc8 24. Be3 Rd7 25. Ne2 Bf8 26. Rbb1 Ba3 27. Rd1
Rxc2 28. Rxd7 Bxd7 29. Ng3 Bc5 30. Bxc5 Rxc5 31. Ra1 Ra5 0-1

[Event "Open Semana Santa 2023"]
[Site "?"]
[Date "2023.04.05"]
[Round "1.197"]
[White "CM Menac Comas, Joan Ramon"]
[Black "Ortiz Maseres, Roberto"]
[Result "1-0"]
[WhiteElo "2022"]
[BlackElo "1268"]
[PlyCount "79"]

1. Nf3 f5 2. g3 Nf6 3. Bg2 g6 4. b4 Bg7 5. Bb2 O-O 6. O-O d6 7. d4 c6 8. c4
Nbd7 9. Qb3 Qe8 10. Nc3 e5 11. c5+ d5 12. dxe5 Nxe5 13. Nxe5 Qxe5 14. Nxd5 Qe6
15. Nc7 Qxb3 16. axb3 Rb8 17. Rxa7 Rf7 18. Rd1 Rxc7 19. Be5 Ne8 20. Rd8 Bxe5
21. Rxe8+ Kf7 22. Rxe5 Be6 23. Re3 Bd5 24. Rd3 Bxg2 25. Kxg2 Re7 26. Kf3 g5 27.
e3 h5 28. b5 cxb5 29. Ra5 Rbe8 30. Rxb5 Kg7 31. Rb6 Rf8 32. Rdd6 g4+ 33. Kf4
Kg8 34. Rg6+ Kf7 35. Rgf6+ Ke8 36. Rxf8+ Kxf8 37. Kxf5 Rf7+ 38. Rf6 Kg7 39.
Rxf7+ Kxf7 40. b4 1-0

[Event "Open Semana Santa 2023"]
[Site "?"]
[Date "2023.04.05"]
[Round "1.198"]
[White "Mulet Salva, Jeroni"]
[Black "Sanleon Pravisano, Nieves"]
[Result "0-1"]
[WhiteElo "1263"]
[BlackElo "2020"]
[PlyCount "46"]

1. e4 e5 2. Nf3 Nc6 3. Bc4 Bc5 4. Nc3 Nf6 5. O-O O-O 6. d3 a6 7. Bg5 h6 8. Bh4
g5 9. Bg3 d6 10. h3 Kh7 11. Qe2 Nh5 12. Bh2 g4 13. hxg4 Bxg4 14. Nd5 Nd4 15.
Qd2 Bxf3 16. c3 Rg8 17. Ne3 Ne2+ 18. Kh1 Bxe3 19. Qxe2 Bxe2 20. fxe3 Bxf1 21.
Rxf1 Qh4 22. Kg1 Rxg2+ 23. Kxg2 Rg8+ 0-1

[Event "Open Semana Santa 2023"]
[Site "?"]
[Date "2023.04.05"]
[Round "1.199"]
[White "Follana Albelda, Lucia"]
[Black "Cervera Diaz, Aaron"]
[Result "1-0"]
[WhiteElo "2018"]
[BlackElo "1253"]
[PlyCount "89"]

1. e4 e6 2. d4 d5 3. e5 c5 4. c3 Nc6 5. Nf3 Bd7 6. Be2 cxd4 7. cxd4 Qb6 8. a3
Nh6 9. b4 a6 10. Nc3 Qa7 11. O-O Nf5 12. Be3 Nxe3 13. fxe3 Rc8 14. Qd2 Be7 15.
e4 dxe4 16. Nxe4 O-O 17. Kh1 f6 18. Nc5 Bxc5 19. dxc5 Be8 20. Bc4 Bf7 21. exf6
gxf6 22. Qh6 Rcd8 23. Qxf6 e5 24. Qg5+ Kh8 25. Nxe5 Bxc4 26. Nxc4 Rxf1+ 27.
Rxf1 b5 28. Nd6 Qg7 29. Qd5 Rf8 30. Nf7+ Kg8 31. Ng5+ Kh8 32. Rxf8+ Qxf8 33.
Nf7+ Kg7 34. Qxc6 Qxf7 35. Qf3 Qa2 36. h3 Qa1+ 37. Kh2 Qc1 38. Qb7+ Kg8 39.
Qb8+ Kg7 40. Qd6 Qxa3 41. c6 a5 42. Qg3+ Qxg3+ 43. Kxg3 axb4 44. c7 b3 45. c8=Q
1-0

[Event "Open Semana Santa 2023"]
[Site "?"]
[Date "2023.04.05"]
[Round "1.200"]
[White "Ainsa Garus, Carlos"]
[Black "Roig Squire, Jason"]
[Result "0-1"]
[WhiteElo "1241"]
[BlackElo "2017"]
[PlyCount "44"]

1. e4 c5 2. Nf3 d6 3. d4 cxd4 4. Nxd4 Nf6 5. Nc3 a6 6. Bg5 Nbd7 7. Bc4 b5 8.
Bb3 Bb7 9. f3 Nc5 10. O-O Nxb3 11. axb3 e6 12. Nce2 Rc8 13. Ng3 Be7 14. Qd3 O-O
15. Rad1 Qc7 16. c3 h6 17. Be3 d5 18. exd5 Nxd5 19. Bd2 Bd6 20. Be1 Rfd8 21.
Nde2 Bc5+ 22. Bf2 Ne3 0-1

[Event "Open Semana Santa 2023"]
[Site "?"]
[Date "2023.04.05"]
[Round "1.201"]
[White "Perez Travieso, Saul"]
[Black "Martinez Egea, Gabriel"]
[Result "1-0"]
[WhiteElo "2007"]
[BlackElo "1234"]
[PlyCount "59"]

1. d4 e6 2. c4 c6 3. Nc3 h6 4. e4 Ne7 5. Nf3 d5 6. cxd5 cxd5 7. e5 Nbc6 8. Bd3
Nf5 9. Bb1 Be7 10. a3 a6 11. O-O Bg5 12. Qd3 Bxc1 13. Rxc1 b5 14. Nxb5 axb5 15.
Rxc6 Bd7 16. Rc1 f6 17. Qe2 O-O 18. Bd3 Qb6 19. Bxf5 exf5 20. Rc5 Bc6 21. Rac1
Rac8 22. exf6 gxf6 23. Qe6+ Kh8 24. Rxc6 Qa6 25. Qxc8 Rxc8 26. Rxc8+ Kg7 27.
Nh4 h5 28. R1c7+ Kh6 29. Rg8 Qe6 30. Rg6# 1-0

[Event "Open Semana Santa 2023"]
[Site "?"]
[Date "2023.04.05"]
[Round "1.202"]
[White "Martinez Silva, Gabriel"]
[Black "Martinez Rodriguez, Francisco Sa"]
[Result "0-1"]
[WhiteElo "1232"]
[BlackElo "2004"]
[PlyCount "92"]

1. d4 d5 2. Bf4 Nf6 3. Nf3 c5 4. e3 Nc6 5. c3 Qb6 6. Qc2 Bg4 7. Nbd2 e6 8. Bd3
c4 9. Be2 Bf5 10. Qc1 h6 11. b3 Qa5 12. a4 cxb3 13. Nxb3 Qb6 14. Nbd2 Rc8 15.
Bb5 a6 16. Bxc6+ Qxc6 17. O-O Nh5 18. Ne5 Nxf4 19. exf4 Qc7 20. Qd1 f6 21. Qh5+
g6 22. Nxg6 Qf7 23. Rfe1 Kd8 24. Qe2 Qxg6 25. Nf3 Rc6 26. Nh4 Qg4 27. Nxf5 Qxf5
28. Qe3 Rh7 29. Rac1 Rhc7 30. g3 Kd7 31. Re2 Ba3 32. Rce1 Rxc3 33. Qxe6+ Qxe6
34. Rxe6 Rc1 35. R6e3 Rxe1+ 36. Rxe1 Rc1 37. Kf1 f5 38. h3 h5 39. f3 Rxe1+ 40.
Kxe1 Bb2 41. g4 Bxd4 42. Ke2 Kd6 43. gxf5 Bf6 44. Kd3 Kc5 45. Ke3 Kc4 46. Kd2
Kb4 0-1

[Event "Open Semana Santa 2023"]
[Site "?"]
[Date "2023.04.05"]
[Round "1.203"]
[White "Piddubna, Bozhena"]
[Black "Yug Amit Sonigara"]
[Result "1-0"]
[WhiteElo "2000"]
[BlackElo "1230"]
[PlyCount "91"]
[EventDate "2023.??.??"]

1. c4 e6 2. Nf3 Nf6 3. d4 d5 4. g3 Bd6 5. Bg2 O-O 6. O-O dxc4 7. Nfd2 c5 8.
Nxc4 cxd4 9. Qxd4 Bc7 10. Qxd8 Rxd8 11. Nc3 Nd5 12. Nb5 Na6 13. Nxc7 Naxc7 14.
e4 Ne7 15. Bf4 Na6 16. Rfd1 Bd7 17. Bd6 Nc6 18. e5 Rac8 19. Ne3 Nc7 20. Bxc6
bxc6 21. Be7 Nd5 22. Bxd8 Rxd8 23. Nxd5 cxd5 24. Rac1 a6 25. Rc7 g6 26. b3 Kg7
27. f4 Bb5 28. Kf2 h6 29. Ke3 g5 30. Kd4 Kg6 31. Ke3 a5 32. Rd4 Ra8 33. Rd2 a4
34. Rb7 Be8 35. Rc2 axb3 36. axb3 Ra3 37. Kd4 Ra6 38. b4 Bc6 39. Rb8 Ba4 40.
Rc1 Bb3 41. fxg5 hxg5 42. Rg8+ Kh6 43. h4 gxh4 44. Rh1 Kh7 45. Rg4 Bc2 46.
Rhxh4# 1-0

[Event "Open Semana Santa 2023"]
[Site "?"]
[Date "2023.04.05"]
[Round "1.204"]
[White "Gil Martin, Sara"]
[Black "Lorenzo Calvo, Damian Angel"]
[Result "0-1"]
[WhiteElo "1226"]
[BlackElo "1997"]
[PlyCount "86"]

1. e4 c5 2. Nf3 Nc6 3. Nc3 e6 4. d4 cxd4 5. Nxd4 Nf6 6. Be2 Bb4 7. Nxc6 bxc6 8.
Qd4 Qb6 9. Be3 Qxd4 10. Bxd4 Nxe4 11. O-O Nxc3 12. bxc3 Bf8 13. Rab1 Kd8 14. h4
Kc7 15. Rb3 c5 16. Bf3 Rb8 17. Be5+ d6 18. Bf4 Be7 19. Rfb1 Rxb3 20. Rxb3 Bxh4
21. Rb5 e5 22. Be3 Ba6 23. Ra5 Kb6 24. Ra4 Be7 25. Bd5 f5 26. g3 Rb8 27. c4 Bb7
28. Be6 g6 29. Rb4+ Kc7 30. Rb1 Be4 31. Rxb8 Kxb8 32. c3 g5 33. f3 Bd3 34. Bd5
f4 35. Bf2 Kc7 36. Kg2 Kb6 37. Kh3 Bf5+ 38. Kg2 Ka5 39. Bg8 Ka4 40. g4 Bd3 41.
Be1 Ka3 42. Bd5 Kxa2 43. Bd2 a5 0-1

[Event "Open Semana Santa 2023"]
[Site "?"]
[Date "2023.04.05"]
[Round "1.205"]
[White "Garcia-Ruiz Fuentes, Angel M."]
[Black "Diriavka, Emma"]
[Result "1-0"]
[WhiteElo "1993"]
[BlackElo "1216"]
[PlyCount "53"]

1. e4 c6 2. d4 d5 3. exd5 cxd5 4. Bd3 Nf6 5. Bf4 Nc6 6. c3 Bg4 7. Qb3 Qd7 8.
Nd2 a6 9. Ngf3 e6 10. O-O Be7 11. Rae1 O-O 12. Qc2 h6 13. Ne5 Nxe5 14. Bxe5
Rac8 15. Re3 Bf5 16. Bxf5 exf5 17. Rg3 Kh8 18. Re1 Rg8 19. Rh3 Rce8 20. Nf1 Ng4
21. Qd2 Qc6 22. f3 Nxe5 23. Rxe5 Qg6 24. Qe1 Qf6 25. Ng3 f4 26. Nf5 Qg5 27.
Nxe7 1-0

[Event "Open Semana Santa 2023"]
[Site "?"]
[Date "2023.04.05"]
[Round "1.207"]
[White "Villar Piriz, Adrian"]
[Black "Arana Rodriguez, Marlon Uriel"]
[Result "1-0"]
[WhiteElo "1992"]
[BlackElo "1183"]
[PlyCount "53"]

1. e4 e6 2. Nf3 c5 3. d4 cxd4 4. Nxd4 Nc6 5. Nc3 a6 6. g3 Bb4 7. Bg2 Bxc3+ 8.
bxc3 Nge7 9. O-O O-O 10. Ba3 Re8 11. Qe2 Qa5 12. Bb2 d5 13. exd5 Nxd5 14. Nb3
Qd8 15. Rad1 Bd7 16. c4 Nf6 17. Bxf6 gxf6 18. Nc5 Re7 19. Qg4+ Kh8 20. Bxc6
bxc6 21. Qd4 e5 22. Qd6 Ra7 23. Qxf6+ Kg8 24. Rfe1 Qe8 25. Re4 Bh3 26. Rh4 Qc8
27. Rxh7 1-0

[Event "Open Semana Santa 2023"]
[Site "?"]
[Date "2023.04.05"]
[Round "1.208"]
[White "Dimitrov Garcia, Dimitri Ivaylov"]
[Black "Lloret Mauri, Jaime"]
[Result "0-1"]
[WhiteElo "1175"]
[BlackElo "1989"]
[PlyCount "64"]

1. d4 e6 2. Nf3 d5 3. Bf4 c5 4. c3 Qb6 5. Qc2 Nc6 6. e3 Bd7 7. Nbd2 Rc8 8. Ne5
cxd4 9. Nxd7 Kxd7 10. exd4 Nxd4 11. Qa4+ Nc6 12. b4 e5 13. Be3 d4 14. Nc4 Qc7
15. cxd4 Bxb4+ 16. Kd1 exd4 17. Bxd4 f6 18. g3 Rd8 19. Kc2 Ke8 20. Bxa7 Qd7 21.
Kb2 Ra8 22. Bg2 Nge7 23. a3 Rxa7 24. Qb5 Qd4+ 25. Ka2 Qxf2+ 26. Kb3 Qxg2 27.
axb4 Qf3+ 28. Kc2 Qe4+ 29. Kc3 Qd4+ 30. Kb3 Rxa1 31. Rxa1 Qxa1 32. Nd6+ Kd7 0-1

[Event "Open Semana Santa 2023"]
[Site "?"]
[Date "2023.04.05"]
[Round "1.209"]
[White "Hammari, Vinjar"]
[Black "Harouat, Alexander"]
[Result "1-0"]
[WhiteElo "1989"]
[BlackElo "1133"]
[PlyCount "61"]

1. d4 d5 2. Nf3 Nf6 3. c4 e6 4. g3 c6 5. Bg2 Bd6 6. O-O O-O 7. Qc2 Qe7 8. Nbd2
Nbd7 9. Rd1 Re8 10. e4 e5 11. cxd5 cxd5 12. Nxe5 Nxe5 13. dxe5 Qxe5 14. exd5
Nxd5 15. Nf3 Qh5 16. Ng5 Bf5 17. Qd2 Bb4 18. Qxd5 Rad8 19. Qxd8 Rxd8 20. Rxd8+
Bf8 21. Bf4 h6 22. Nf3 Bg4 23. Ne1 Qa5 24. Rb8 Qc5 25. Rc1 Qe7 26. Rxb7 Qe6 27.
Rb8 Qe7 28. Bf3 Bh3 29. Rd1 Qe6 30. Bd6 Qc4 31. Ng2 1-0

[Event "Open Semana Santa 2023"]
[Site "?"]
[Date "2023.04.05"]
[Round "1.210"]
[White "Perea Fruet, Alba"]
[Black "Nazarov, Alexander"]
[Result "0-1"]
[WhiteElo "1127"]
[BlackElo "1982"]
[PlyCount "48"]

1. d4 Nf6 2. Nf3 e6 3. e3 b6 4. b3 Bb7 5. Bb2 Bb4+ 6. Nbd2 Ne4 7. Bd3 f5 8. O-O
O-O 9. a3 Be7 10. Ne5 d6 11. Nef3 Nd7 12. c4 Qe8 13. Qe2 Qg6 14. Rfd1 Ndf6 15.
h3 Qh6 16. Rac1 c5 17. Nb1 Rac8 18. Nc3 g5 19. Nd2 Nxd2 20. Rxd2 g4 21. hxg4
Nxg4 22. Qd1 Qh2+ 23. Kf1 Qxg2+ 24. Ke2 Qxf2# 0-1

[Event "Open Semana Santa 2023"]
[Site "?"]
[Date "2023.04.05"]
[Round "1.211"]
[White "GM Suba, Mihai"]
[Black "Bethencourt Hernandez, Alberto I"]
[Result "1-0"]
[WhiteElo "1974"]
[BlackElo "1091"]
[PlyCount "97"]

1. d4 Nf6 2. Nf3 d6 3. Nc3 g6 4. e4 Bg7 5. Be2 e6 6. Bf4 Nh5 7. Bg5 Bf6 8. Be3
Bg7 9. O-O h6 10. Qd2 Bd7 11. Rad1 Qe7 12. Rfe1 a6 13. Bf1 Qf8 14. a3 g5 15. h3
Qe7 16. Nh2 Nf4 17. g3 Ng6 18. Bg2 c6 19. d5 Ne5 20. b3 c5 21. dxe6 fxe6 22.
Qxd6 Qxd6 23. Rxd6 O-O 24. Ne2 Nf7 25. Rdd1 Rc8 26. f4 Bc6 27. c4 Nd7 28. e5
Bxg2 29. Kxg2 Ndxe5 30. fxe5 Nxe5 31. Nf3 g4 32. Nxe5 gxh3+ 33. Kxh3 Bxe5 34.
Bxh6 Rc7 35. Bf4 Rh7+ 36. Kg2 Bf6 37. Ng1 Re8 38. Be5 Bd8 39. Nf3 Rh6 40. Rd7
Be7 41. g4 Kf7 42. g5 Rh7 43. Kg3 Kg6 44. Kg4 Kf7 45. Bf6 Kg8 46. Rxe6 Rf7 47.
Bxe7 Rg7 48. Ne5 Rgxe7 49. Rexe7 1-0

[Event "Open Semana Santa 2023"]
[Site "?"]
[Date "2023.04.05"]
[Round "1.212"]
[White "Beneyto De Ramon, Jaime"]
[Black "Pardo Ruiz, Carlos"]
[Result "0-1"]
[WhiteElo "1070"]
[BlackElo "1972"]
[PlyCount "74"]

1. e4 c5 2. Nf3 d6 3. Bc4 Nc6 4. Nc3 g6 5. d3 Bg7 6. Bg5 h6 7. Bf4 Nf6 8. Nd5
Nh5 9. Be3 Bxb2 10. Rb1 Bg7 11. O-O e6 12. Nc3 Bxc3 13. d4 cxd4 14. Nxd4 Nf6
15. Rb3 Bxd4 16. Bxd4 Nxd4 17. Qxd4 O-O 18. Rd1 d5 19. e5 Nd7 20. Be2 Qc7 21.
Bd3 Qxe5 22. Qxe5 Nxe5 23. Bb5 a6 24. Be2 b5 25. c3 Bd7 26. a3 Rac8 27. Rd4 Rc7
28. f4 Nc6 29. Rd3 Na5 30. Rb1 Rfc8 31. Rc1 Nb3 32. Rc2 Nc5 33. Rg3 Ne4 34. Rh3
Rxc3 35. Rcxc3 Rxc3 36. Rxh6 Rc1+ 37. Bf1 Nd2 0-1

[Event "Open Semana Santa 2023"]
[Site "?"]
[Date "2023.04.05"]
[Round "1.213"]
[White "Blanco Sanchez, Jose Fernando"]
[Black "Munoz Martinez, Francisco"]
[Result "1-0"]
[WhiteElo "1971"]
[BlackElo "1069"]
[PlyCount "43"]

1. e4 e5 2. Nf3 Nc6 3. Bc4 Nf6 4. d4 d5 5. exd5 Nxd4 6. Nxd4 c6 7. Nb3 cxd5 8.
Bb5+ Bd7 9. Qe2 Bd6 10. Nc3 a6 11. Bxd7+ Qxd7 12. Bg5 Qe6 13. O-O-O d4 14. Ne4
Nxe4 15. Qxe4 Rb8 16. Rhe1 O-O 17. f4 f6 18. fxe5 fxe5 19. Kb1 b6 20. Nxd4 Qc4
21. Nc6 Rbe8 22. Qxc4+ 1-0

[Event "Open Semana Santa 2023"]
[Site "?"]
[Date "2023.04.05"]
[Round "1.215"]
[White "Lobo Pereira, Arami"]
[Black "Kuzmin, Rolan"]
[Result "1-0"]
[WhiteElo "1961"]
[BlackElo "1024"]
[PlyCount "103"]
[EventDate "2023.??.??"]

1. d4 d5 2. c4 c6 3. Nf3 Nf6 4. Nc3 Bf5 5. cxd5 cxd5 6. Qb3 Qb6 7. Nxd5 Qxb3 8.
Nxf6+ exf6 9. axb3 Bb4+ 10. Bd2 Bxd2+ 11. Kxd2 O-O 12. e3 Nc6 13. Bd3 Ne7 14.
Rhc1 a6 15. Rc7 Nd5 16. Rc5 Be6 17. Rac1 Rac8 18. Be4 Rcd8 19. Ne1 Rd6 20. Nd3
f5 21. Bf3 f6 22. g3 g5 23. b4 g4 24. Bg2 h5 25. b5 a5 26. R5c2 Rf7 27. Rc5 Rh7
28. Nf4 Nxf4 29. gxf4 h4 30. Rc7 Rdd7 31. Rc8+ Kg7 32. R8c7 Rf7 33. Rxf7+ Bxf7
34. Bxb7 Be6 35. d5 Bd7 36. Bc6 Kf8 37. Ra1 a4 38. Rxa4 Bc8 39. Ra8 g3 40.
Rxc8+ Kg7 41. fxg3 Kg6 42. b6 hxg3 43. hxg3 Rh2+ 44. Kc3 Rh3 45. b7 Rxg3 46.
b8=Q Rxe3+ 47. Kd2 Re7 48. Rg8+ Kh5 49. Qb3 Re2+ 50. Kxe2 Kh4 51. Qg3+ Kh5 52.
Qh3# 1-0

[Event "Open Semana Santa 2023"]
[Site "?"]
[Date "2023.04.06"]
[Round "2.1"]
[White "Salvador Buiza, Victor"]
[Black "GM Moussard, Jules"]
[Result "0-1"]
[WhiteElo "2195"]
[BlackElo "2667"]
[PlyCount "66"]

1. e4 c5 2. Nf3 e6 3. d4 cxd4 4. Nxd4 Nc6 5. Nc3 Qc7 6. Be3 a6 7. Qd2 Nf6 8. f3
b5 9. Be2 Bb7 10. g4 Nxd4 11. Qxd4 Rc8 12. a4 b4 13. Na2 d5 14. g5 e5 15. Qd1
Nh5 16. exd5 Bc5 17. Qd2 Bxe3 18. Qxe3 Nf4 19. O-O Nxd5 20. Qd2 O-O 21. Rac1
Nf4 22. Bd3 Qd8 23. Rcd1 Qxg5+ 24. Kh1 a5 25. Nc1 Rfd8 26. Qf2 Rd5 27. Ne2 Nxd3
28. cxd3 Rc2 29. Rg1 Qf6 30. Qe3 Rd8 31. Rdf1 Rxb2 32. Rf2 Rc2 33. d4 exd4 0-1

[Event "Open Semana Santa 2023"]
[Site "?"]
[Date "2023.04.06"]
[Round "2.2"]
[White "FM Cano Gimenez, Vicente"]
[Black "GM Yuffa, Daniil"]
[Result "1/2-1/2"]
[WhiteElo "2180"]
[BlackElo "2602"]
[PlyCount "157"]

1. Nf3 g6 2. g3 Bg7 3. d4 Nf6 4. Bg2 O-O 5. O-O d6 6. b3 e5 7. dxe5 dxe5 8. Ba3
e4 9. Nd4 Re8 10. e3 b6 11. Qc1 c5 12. Nb5 Bg4 13. N5c3 Nc6 14. Nd2 Bf5 15. Bb2
Qe7 16. Rd1 Rad8 17. Nc4 h5 18. Rxd8 Rxd8 19. Qf1 h4 20. Rd1 Rxd1 21. Qxd1 h3
22. Bf1 Bg4 23. Qd2 Qe6 24. a4 Nh7 25. Qd5 Qxd5 26. Nxd5 Bxb2 27. Nxb2 Nb4 28.
Nxb4 cxb4 29. Nc4 Bd1 30. Bxh3 Ng5 31. Bg2 Bxc2 32. Nd2 f5 33. Bf1 Kg7 34. Bc4
Kf6 35. h4 Ne6 36. Kf1 Nc5 37. Ke2 a5 38. f3 exf3+ 39. Kxf3 Nd7 40. Kf4 Ne5 41.
Be2 Nd7 42. Bb5 Nc5 43. Bc4 Ne6+ 44. Bxe6 Kxe6 45. Nf3 Kd5 46. Nd2 Bd3 47. g4
fxg4 48. Kxg4 b5 49. axb5 Bxb5 50. Kf4 Bd3 51. e4+ Kd4 52. e5 Kd5 53. Ke3 Bb5
54. Kf4 Be2 55. Ke3 Ba6 56. Kf4 Bb5 57. Ne4 Bc6 58. Nd2 Be8 59. Ne4 Kd4 60. e6
a4 61. bxa4 Bxa4 62. e7 b3 63. Nd2 b2 64. Nb1 Be8 65. Na3 Bf7 66. Kg5 Ke4 67.
Kf6 Be8 68. Kg7 Kf5 69. Kf8 Ba4 70. e8=Q Bxe8 71. Kxe8 Kg4 72. Kf7 Kxh4 73.
Kxg6 Kg4 74. Kf6 Kf4 75. Ke6 Ke4 76. Kd6 Kd4 77. Kc6 Kc3 78. Kb5 Kb3 79. Nb1
1/2-1/2

[Event "Open Semana Santa 2023"]
[Site "?"]
[Date "2023.04.06"]
[Round "2.3"]
[White "GM Mendonca, Leon Luke"]
[Black "FM Buenafe Moya, Javier"]
[Result "1-0"]
[WhiteElo "2596"]
[BlackElo "2188"]
[PlyCount "55"]

1. Nf3 Nf6 2. c4 e6 3. Nc3 d5 4. e3 c5 5. cxd5 exd5 6. d4 Nc6 7. Bb5 Be7 8.
dxc5 Bxc5 9. O-O O-O 10. b3 Qa5 11. Bb2 Ba3 12. Bxa3 Qxa3 13. Nxd5 Nxd5 14.
Qxd5 Ne7 15. Qe4 Rb8 16. Nd4 Ng6 17. Rfc1 a6 18. Bd3 b5 19. Rc7 Qb2 20. Rf1
Qxa2 21. h4 Qa5 22. Rfc1 Bb7 23. Qf5 Bxg2 24. h5 Rb6 25. Qc5 Rf6 26. hxg6 fxg6
27. Bc4+ Kh8 28. Qe7 1-0

[Event "Open Semana Santa 2023"]
[Site "?"]
[Date "2023.04.06"]
[Round "2.4"]
[White "FM Tytynnik, Artem"]
[Black "GM Jacobson, Brandon"]
[Result "0-1"]
[WhiteElo "2164"]
[BlackElo "2556"]
[PlyCount "72"]

1. d4 Nf6 2. c4 g6 3. Nc3 Bg7 4. e4 d6 5. Be2 O-O 6. Nf3 e5 7. d5 a5 8. Bg5 h6
9. Bh4 Na6 10. Nd2 Qe8 11. a3 Bd7 12. b3 Nh7 13. Rb1 h5 14. f3 Bh6 15. Bf2 Qe7
16. b4 axb4 17. axb4 h4 18. c5 dxc5 19. bxc5 Nxc5 20. Nc4 Na4 21. d6 Qg5 22.
Nd5 cxd6 23. g3 Qd8 24. gxh4 Be6 25. Ncb6 Nxb6 26. Rxb6 Ra2 27. Qb3 Bd2+ 28.
Kd1 Ra1+ 29. Kxd2 Rxh1 30. Rxb7 Rxh2 31. Bb6 Qxh4 32. Qd3 Rh1 33. Ne7+ Kh8 34.
Qxd6 Qe1+ 35. Ke3 Qg1+ 36. Kd3 Qg5 0-1

[Event "Open Semana Santa 2023"]
[Site "?"]
[Date "2023.04.06"]
[Round "2.5"]
[White "Zielonka, Adam"]
[Black "GM Postny, Evgeny"]
[Result "0-1"]
[WhiteElo "2156"]
[BlackElo "2548"]
[PlyCount "46"]

1. e4 e5 2. Nf3 Nc6 3. Bc4 Nf6 4. d4 exd4 5. e5 d5 6. Bb5 Nd7 7. O-O Be7 8.
Bxc6 bxc6 9. Nxd4 Nb8 10. Qf3 O-O 11. Nc3 Re8 12. Bf4 Qd7 13. Rfe1 Bf8 14. Rad1
Na6 15. Nb3 Qf5 16. Rd2 Qg6 17. Qg3 Rb8 18. Qe3 Bf5 19. Qxa7 c5 20. e6 fxe6 21.
Rde2 Ra8 22. Qb7 Nb4 23. Bg3 d4 0-1